Meet Miss Fancy / Irene Latham ; illustrated by ... Read More
Available copies
- 2 of 2 copies available at LARL/NWRL Consortium. (Show)
- 1 of 1 copy available at Northwest Regional Library.
Current holds
0 current holds with 2 total copies.
Show All Copies
| Location | Call Number / Copy Notes | Barcode | Shelving Location | Status | Due Date |
|---|---|---|---|---|---|
| Warroad Public Library | e LAT (Text) | 35500006142903 | Main | Available | - |
Record details
- ISBN: 9780399546686
- ISBN: 0399546685
- Physical Description: 1 volume (unpaged) : color illustrations ; 28 cm
- Publisher: New York, NY : G.P. Putnam's Sons, [2019]
Content descriptions
| Summary, etc.: | Ten-year-old African American boy wants to welcome ... Read More |
Search for related items by subject
| Genre: | Children's stories. Fiction. Juvenile works. Pictorial works. Picture books. |
| LDR | 02627cam a2200649Ii 4500 | ||
|---|---|---|---|
| 001 | 308242 | ||
| 003 | LARL_NWRL_CONSORTIUM | ||
| 005 | 20190122162943.0 | ||
| 008 | 180420s2019 nyua j 000 1 eng d | ||
| 040 | . | ‡aYDX ‡beng ‡erda ‡cYDX ‡dBDX ‡dUKMGB ‡dOCLCO ‡dOCLCQ ‡dIEP ‡dMWD ‡dJTH ‡dOCLCF ‡dTXCVP ‡dOCP ‡dOCLCO ‡dIGA ‡dUAP | |
| 015 | . | ‡aGBB8K1148 ‡2bnb | |
| 016 | 7 | . | ‡a019114086 ‡2Uk |
| 019 | . | ‡a1031915854 | |
| 020 | . | ‡a9780399546686 ‡q(hardcover) | |
| 020 | . | ‡a0399546685 ‡q(hardcover) | |
| 035 | . | ‡a(OCoLC)1031671150 ‡z(OCoLC)1031915854 | |
| 043 | . | ‡an-us--- | |
| 082 | 0 | 4. | ‡a[E] ‡223 |
| 100 | 1 | . | ‡aLatham, Irene, ‡eauthor. ‡0(LARL_NWRL_CONSORTIUM)206536 |
| 245 | 1 | 0. | ‡aMeet Miss Fancy / ‡cIrene Latham ; illustrated by John Holyfield. |
| 246 | 3 | . | ‡aMeet Ms. Fancy |
| 264 | 1. | ‡aNew York, NY : ‡bG.P. Putnam's Sons, ‡c[2019] | |
| 300 | . | ‡a1 volume (unpaged) : ‡bcolor illustrations ; ‡c28 cm | |
| 336 | . | ‡atext ‡btxt ‡2rdacontent | |
| 336 | . | ‡astill image ‡bsti ‡2rdacontent | |
| 337 | . | ‡aunmediated ‡bn ‡2rdamedia | |
| 338 | . | ‡avolume ‡bnc ‡2rdacarrier | |
| 520 | . | ‡aTen-year-old African American boy wants to welcome the circus elephant named Miss Fancy to her new home in a nearby park, but he is disappointed to see a sign: "No Colored Allowed" | |
| 650 | 1. | ‡aAfrican Americans ‡vFiction. ‡0(LARL_NWRL_CONSORTIUM)163084 | |
| 650 | 1. | ‡aElephants ‡vFiction. ‡0(LARL_NWRL_CONSORTIUM)172149 | |
| 650 | 1. | ‡aSegregation ‡vFiction. | |
| 651 | 1. | ‡aBirmingham (Ala.) ‡vFiction. | |
| 650 | 0. | ‡aSegregation ‡zUnited States ‡vPictorial works ‡vJuvenile literature. | |
| 650 | 0. | ‡aAfrican Americans ‡vJuvenile fiction. ‡0(LARL_NWRL_CONSORTIUM)163089 | |
| 650 | 0. | ‡aElephants ‡vJuvenile fiction. ‡0(LARL_NWRL_CONSORTIUM)164773 | |
| 650 | 0. | ‡aSegregation ‡vJuvenile fiction. | |
| 650 | 7. | ‡aSegregation. ‡2fast ‡0(LARL_NWRL_CONSORTIUM)30569 | |
| 651 | 7. | ‡aUnited States. ‡2fast ‡0(LARL_NWRL_CONSORTIUM)178480 | |
| 650 | 4. | ‡aElephants ‡xJuvenile fiction. | |
| 650 | 4. | ‡aSegregation ‡vJuvenile fiction. | |
| 650 | 4. | ‡aAfrican Americans ‡vJuvenile fiction. ‡0(LARL_NWRL_CONSORTIUM)163089 | |
| 651 | 4. | ‡aBirmingham (Ala.) ‡xJuvenile fiction. | |
| 650 | 7. | ‡aJUVENILE FICTION / Animals / Elephants. ‡2bisacsh | |
| 650 | 7. | ‡aJUVENILE FICTION / Imagination & Play. ‡2bisacsh | |
| 650 | 7. | ‡aJUVENILE FICTION / People & Places / United States / African American. ‡2bisacsh | |
| 655 | 0. | ‡aChildren's stories. | |
| 655 | 7. | ‡aFiction. ‡2fast | |
| 655 | 7. | ‡aJuvenile works. ‡2fast | |
| 655 | 7. | ‡aPictorial works. ‡2fast | |
| 655 | 7. | ‡aPicture books. ‡2lcgft | |
| 700 | 1 | . | ‡aHolyfield, John, ‡eillustrator. ‡0(LARL_NWRL_CONSORTIUM)133050 |
| 905 | . | ‡uvanderl | |
| 901 | . | ‡a308242 ‡b ‡c308242 ‡tbiblio ‡soclc | |

Add to basket
Permalink
Disable Highlighting